000 00545cam a2200181 4500500
005 20260405002845.0
041 _afre
042 _adc
100 1 0 _aLacroix, Alexandre
_eauthor
245 0 0 _a“Comment vivre avec son passé ?”
260 _c2019.
500 _a43
690 _aBêtise
690 _aCharles Pépin
690 _aPassé
786 0 _nPhilosophie magazine | 126 | 2 | 2019-02-01 | p. 2-2 | 1951-1787
856 4 1 _uhttps://shs.cairn.info/magazine-philosophie-magazine-2019-2-page-2?lang=fr&redirect-ssocas=7080
999 _c2061785
_d2061785